[Event "SVK-chT3A2 1011"]
[Site "Slovakia"]
[Date "2011.02.27"]
[Round "9.6"]
[White "Hagara, Vladimir"]
[Black "Zajicek, Ferdinand"]
[Result "1-0"]
[WhiteElo "1900"]
[BlackElo "1873"]
[PlyCount "153"]
[EventDate "2010.10.17"]
[EventType "team-tourn"]
[EventRounds "11"]
[EventCountry "SVK"]
[SourceTitle "EXT 2019"]
[Source "ChessBase"]
[SourceDate "2018.10.10"]
[SourceVersion "1"]
[SourceVersionDate "2018.10.10"]
[SourceQuality "1"]
[WhiteTeam "Trnava Lokomotiva III"]
[BlackTeam "Gbely Nafta"]
[WhiteTeamCountry "SVK"]
[BlackTeamCountry "SVK"]

1. c4 c5 2. Nc3 Nf6 3. g3 g6 4. Bg2 Bg7 5. e4 Nc6 6. Nge2 0-0 7. 0-0 a6 8. d3 e5 9. Be3 d6 10. h3 Be6 11. Qd2 Qd7 12. Kh2 Nd4 13. Nd5 Bxd5 14. exd5 Ne8 15. f4 Nxe2 16. Qxe2 f5 17. Qd2 exf4 18. Bxf4 Nf6 19. Bf3 Rfe8 20. Rae1 Rxe1 21. Rxe1 Re8 22. Rxe8+ Nxe8 23. b3 Qe7 24. Kg2 Bd4 25. Qe2 Qxe2+ 26. Bxe2 Kf7 27. g4 fxg4 28. Bxg4 a5 29. Bd7 Nf6 30. Bc8 Be5 31. Be6+ Kg7 32. Bd2 b6 33. Kf3 h6 34. Be3 Nh7 35. Bd7 Nf6 36. Bc8 Nh7 37. Bd2 Nf8 38. Be1 Kf6 39. Bd2 g5 40. Ke4 Ng6 41. Be3 Bf4 42. Bf2 h5 43. d4 h4 44. Bf5 Ne7 45. Bg4 Bc1 46. dxc5 dxc5 47. d6 Nc6 48. Be1 Bb2 49. Bd2 Nd8 50. Kd5 Bd4 51. b4 axb4 52. Bxb4 Bf2 53. Bc3+ Bd4 54. Bd2 Bf2 55. a4 Bg3 56. Bc3+ Kf7 57. Bc8 Bf2 58. a5 bxa5 59. Bxa5 Ke8 60. Bg4 Nb7 61. Bd2 Bg3 62. d7+ Kd8 63. Bxg5+ Kc7 64. Be7 Bf2 65. Ke6 Nd8+ 66. Kf6 Bd4+ 67. Kg6 Nc6 68. Bxh4 Ne5+ 69. Kh5 Nxd7 70. Bxd7 Kxd7 71. Kg6 Ke6 72. Bg5 Bf2 73. Bf6 Bg3 74. Bc3 Bf2 75. Kg5 Bd4 76. Bxd4 cxd4 77. Kf4 1-0

[Event "SVK-chT3A2 1011"]
[Site "Slovakia"]
[Date "2011.02.13"]
[Round "8.4"]
[White "Hagara, Vladimir"]
[Black "Lanik, Miroslav"]
[Result "0-1"]
[WhiteElo "1900"]
[BlackElo "1871"]
[PlyCount "80"]
[EventDate "2010.10.17"]
[EventType "team-tourn"]
[EventRounds "11"]
[EventCountry "SVK"]
[SourceTitle "EXT 2019"]
[Source "ChessBase"]
[SourceDate "2018.10.10"]
[SourceVersion "1"]
[SourceVersionDate "2018.10.10"]
[SourceQuality "1"]
[WhiteTeam "Trnava Lokomotiva III"]
[BlackTeam "Senica SK"]
[WhiteTeamCountry "SVK"]
[BlackTeamCountry "SVK"]

1. d4 d5 2. c4 c6 3. Nf3 Nf6 4. Nc3 e6 5. e3 Nbd7 6. Bd3 dxc4 7. Bxc4 b5 8. Bd3 Bd6 9. Bd2 Bb7 10. Rc1 a6 11. e4 e5 12. 0-0 0-0 13. h3 h6 14. a3 exd4 15. Nxd4 Ne5 16. Be3 Nxd3 17. Qxd3 c5 18. f4 cxd4 19. Bxd4 Bc5 20. Rcd1 Bxd4+ 21. Qxd4 Qxd4+ 22. Rxd4 Rad8 23. Rfd1 Rxd4 24. Rxd4 Bc8 25. Kf2 Nd7 26. Nd5 Nc5 27. b4 Ne6 28. Rd2 Bb7 29. Ke3 Re8 30. g3 Kf8 31. h4 Bxd5 32. Rxd5 Rc8 33. Rd3 Ke7 34. f5 Nc7 35. g4 f6 36. Kf4 Ne8 37. Kf3 Nd6 38. Kf4 Rc4 39. Re3 Rc1 40. Kf3 Nc4 0-1

[Event "SVK-chT2A 10/11"]
[Site "Slovakia"]
[Date "2010.10.23"]
[Round "1.8"]
[White "Hagara, Vladimir"]
[Black "Koutny, Pavel"]
[Result "0-1"]
[WhiteElo "1900"]
[BlackElo "1834"]
[PlyCount "86"]
[EventDate "2010.10.23"]
[EventType "team-tourn"]
[EventRounds "11"]
[EventCountry "SVK"]
[SourceTitle "EXT 2019"]
[Source "ChessBase"]
[SourceDate "2018.10.10"]
[SourceVersion "1"]
[SourceVersionDate "2018.10.10"]
[SourceQuality "1"]
[WhiteTeam "Trnava Lokomotiva II"]
[BlackTeam "Bratislava Slavia STU"]
[WhiteTeamCountry "SVK"]
[BlackTeamCountry "SVK"]

1. d4 Nf6 2. c4 c5 3. d5 e6 4. Nc3 exd5 5. cxd5 d6 6. e4 g6 7. Be2 Bg7 8. Nf3 0-0 9. 0-0 Re8 10. Qc2 Na6 11. a3 Rb8 12. Re1 Nc7 13. a4 Bd7 14. Bf4 Qe7 15. Nd2 b5 16. axb5 Nxb5 17. Bxb5 Bxb5 18. f3 a6 19. Nb3 Nd7 20. Nxb5 axb5 21. Ra7 c4 22. Nc1 Bd4+ 23. Be3 Bxa7 24. Bxa7 Ra8 25. Bd4 Ne5 26. Qd2 f6 27. f4 Nd7 28. Qb4 Reb8 29. e5 fxe5 30. fxe5 Ra4 31. Qxd6 Qxd6 32. exd6 Ra6 33. Bf2 b4 34. Bg3 c3 35. b3 Rf8 36. Nd3 Ra3 37. Nxb4 Rxb3 38. Nd3 Rb5 39. Rc1 Rc8 40. Nf4 c2 41. Bf2 g5 42. Ne6 Rxd5 43. Be3 Re5 0-1

[Event "SVK-ch Seniors-A"]
[Site "Tatranske Matliare"]
[Date "2010.06.??"]
[Round "4"]
[White "Hagara, Vladimir"]
[Black "Mesaros, Jan"]
[Result "0-1"]
[WhiteElo "1934"]
[BlackElo "1854"]
[PlyCount "40"]
[EventDate "2010.06.06"]
[EventType "swiss"]
[EventRounds "9"]
[EventCountry "SVK"]
[SourceTitle "EXT 2023"]
[Source "ChessBase"]
[SourceDate "2022.10.05"]
[SourceVersion "1"]
[SourceVersionDate "2022.10.05"]
[SourceQuality "1"]

1. c4 Nf6 2. Nc3 g6 3. g3 Bg7 4. Bg2 e5 5. e4 Nc6 6. Nge2 0-0 7. 0-0 d6 8. d3 Bg4 9. h3 Bxe2 10. Nxe2 Nd7 11. Be3 b6 12. Qd2 Rb8 13. Nc3 Nd4 14. f4 c6 15. Ne2 b5 16. Rab1 c5 17. f5 bxc4 18. dxc4 Qb6 19. b3 Qb4 20. Nc3 Qxc3 0-1